00725nam a2200157Ia 4500008004100000041001200041082002100053100005400074245008300128260002400211300001200235650008000247942000700327999001900334952021400353231217s9999 xx 000 0 und d aEnglish a658.3 PEA;1 R` aPearn, Michael Mulrooney, Chris Hodgins, Joan etc 0aEmpowering team learning : enabling ordinary people to do extroordinary things c2004bJaicoaMumbai axii+160 aEmpowering,team,learning,:,enabling,ordinary,people,do,extroordinary,things cAA c171196d171196 r2024-01-26 00:00:00l0o658.3 PEA;1 R`p26388v476.00w2024-01-26yAA1040708CL00aMLbMLcCLd2004-03-06eLBPD- L.B. Publishers & Distributors Pvt. Ltd.g595.00EMBAK4/36873L25/01/2017GRSF1V119W20